000 00911nam a22003257a 4500
001 BR0001085
003 BR-BrBNA
005 20230928100557.0
007 ta
008 230509b bl.||||| |||| 00| 0 por d
040 _aBR-BrBNA
_bpor
_cBiblioteca Nacional de Agricultura
041 _a(Por)
072 _aF01
090 _ F01 BR0001085
100 1 _aBliska Junior, A.
100 1 _aHonorio, S.L.
110 1 _aUniversidade Estadual de Campinas, SP (Brasil). Faculdade de Engenharia Agricola
_910631
245 1 _aCartilha tecnologica: hidroponia
260 3 _aCampinas, SP (Brasil):
_c1996.
300 _a50 p.
500 _a14 tables; 38 ref.; 6 illus.
650 _aCultivo Hidroponico
650 _aEstufa
650 _aSolucao Nutritiva
650 _aSistema de Cultivo
650 _aViveiro
650 _aModelo Matematico
909 _a202309
_bLucia
_c55
_dLucia Elande
942 _cBK
999 _c61893
_d61893